[Event "Lansing April Mini-Swiss.1"]
[Site "Lansing, MI"]
[Date "2000.04.16"]
[Round "2.1"]
[White "Aldrich, Jeff"]
[Black "Assem, Nassar"]
[Result "0-1"]
[WhiteElo "1944"]
[BlackElo "1769"]
[PlyCount "68"]
[EventDate "2000.04.16"]

1. d4 d5 2. c4 c6 3. Nc3 dxc4 4. Nf3 Nf6 5. e3 Bg4 6. Bxc4 e6 7. O-O Bd6 8. e4
b5 9. Bd3 e5 10. d5 b4 11. Nb1 cxd5 12. exd5 O-O 13. Bg5 Nbd7 14. Nbd2 h6 15.
Bh4 g5 16. Bg3 Nc5 17. Be2 e4 18. Nd4 Bxe2 19. Qxe2 Bxg3 20. hxg3 Qxd5 21. Nc2
Rad8 22. Rfd1 Qb7 23. Ne3 Rd7 24. Ndc4 Rxd1+ 25. Rxd1 Kh7 26. Nd6 Qe7 27. Qb5
Nd3 28. Qf5+ Kg8 29. Nxe4 Nxe4 30. Rxd3 Nf6 31. Qh3 Kh7 32. Nf5 Qe1+ 33. Kh2 h5
34. Rf3 Ng4+ 0-1

[Event "Chicago Open"]
[Site "Chicago, IL"]
[Date "2000.05.??"]
[Round "5"]
[White "Levina, Anna"]
[Black "Ward, Tom"]
[Result "0-1"]
[WhiteElo "2044"]
[BlackElo "2208"]
[Annotator "Tom Ward"]
[PlyCount "122"]
[EventDate "2000.05.??"]

{My opponent is an expert-rated young lady from Syracuse, NY.} 1. e4 c5 2. c3
Nf6 {d5 is another perfectly good reply here.} 3. e5 Nd5 4. d4 cxd4 5. Nf3 e6 {
The move d6 is also perfectly fine. I started to get the feeling that I might
be able to use my positional experience in this type of formation as a plus
against my younger opponent.} 6. cxd4 b6 7. Nc3 Nxc3 8. bxc3 Ba6 {Out of the
ok. Qc7 is recommended here. I wanted to get rid of her white-squared bishop.}
9. Bxa6 Nxa6 10. O-O Be7 11. Qa4 Nc7 12. Ba3 {She in turn wants to get rid of
her "bad" bishop.} O-O 13. Bxe7 Qxe7 14. c4 {It was around here that I could
see the possibility of playing against hanging pawns on c4 and d4. I refer to
the reader to Nimzovich's "My System" for a complete explanation of the
advantages and disadvantages of the pawn couple. If white can support d5 here,
she will have the advantage.} d5 15. exd6 Qxd6 16. Rfd1 $2 {This is a mistake
because it allows me to either force an isolated pawn or the advance of the
c-pawn, allowing me a blockade on d5. better was a queen move and a4 to follow.
} a6 17. Rac1 b5 18. Qb3 Rfc8 19. a4 {Too late.} bxc4 20. Qxc4 Qd8 21. Qd3 Nd5
$6 {There was no need to rush. Prophylaxis with h6 was called for. Now white
can loosen black's kingside.} 22. Rxc8 $1 Qxc8 {forced. g5 is now left
unguarded.} 23. Ng5 Nf6 24. Ne4 Nd5 25. Ng5 {I repeated moves to see if she
would play her knight to c5. She also indicates to me she would like a draw.}
g6 26. Qf3 Qc7 27. Qh3 h5 {Fortunately for me, there are not more pieces on
the board so white could take better advantage of this weakening.} 28. Qd3 Kg7
{I have to be very careful so as not to allow Ne6! followed by Qg6+.} 29. Ne4
a5 30. Nc5 Rd8 {My final piece gets into play. Already the pressure is felt on
the isolani.} 31. Rc1 $6 {This is not right. The move g3 should be played to
prevent the queen from coming to f4, as well as making luft for the king and
putting an end to any future back-rank threats.} Qf4 32. Rd1 Nb4 33. Qc3 Rd5 {
I must preve nt d5 with discovered check. The earlier loosening of the
kingside by white made all this possible.} 34. Nb3 e5 35. Qc4 {35.Na5 Rd4 36.
Rd4 ed and white cannot take the knight because of back-rank mate threats. The
d pawn is extremely fast and after 37Qc4 Qd2 I don't see a satisfactory
continuation for white.} Qg4 36. f3 $2 {Very tempting, but wrong. 36.Re1 (36.
Rc1 Qd7 37.Na5 Rd4 38.Qb3 Nd3!) ed 37. Na5 and now neither 37...d4 38.Qg4 hg
39.Nb3 or 37...Ra5 38.Qb4 Rd5 give black any advantage. Now black has a very
strong retreating move.} Qd7 $1 37. Rd2 {37.Na5 Qa4} Qxa4 38. dxe5 Rxd2 39.
Nxd2 Qa1+ {Black has a winning advantage.} 40. Qf1 Qxe5 41. Nc4 Qd4+ 42. Kh1 a4
{I almost went in for 42...Nd3?? thinking I had a smothered mate! After 43.Na5
Nf2 44.kg1 Nh3 45.Kh1 Qg1 46.Qg1 Nf2 is not checkmate. DA! When you are
winning the game be very careful not to let your guard down. I have seen many
silly moves made in won positions like this.} 43. h3 Nd3 44. Na3 Qc3 45. Nb5
Qb3 {I could have gotten the Queens off right away with 45...Qc1 but that
would not have been as strong since the King would come to g1 and f1 with
tempo compared with the game continuation.} 46. Qa1+ Nb2 47. Nd4 Qd1+ {Now the
king is on h1 when the queens come off.} 48. Qxd1 Nxd1 49. Nc2 Kf6 {This is a
very simple win because the knight must stay with the a pawn and black's king
is free to invade the kingside.} 50. Kg1 Ke5 51. Kf1 Nc3 52. Ke1 Nb1 53. Kd1
Kf4 54. Ke2 ({-2.78 Fritz 5.00:} 54. Kc1 Nc3 55. Kd2 Nd5 56. Kd3 Kg3 57. Kc4
Nf4 58. Ne3 Nxg2 {-1.81/10}) 54... Kg3 55. Kf1 a3 56. Kg1 a2 57. Na1 Nc3 {
White could have resigned at this point. Inertia probably took over from here.}
58. f4 Ne2+ 59. Kf1 Nxf4 60. Kg1 Nxg2 61. Kf1 Kxh3 0-1

[Event "Chicago Open"]
[Site "Chicago, IL"]
[Date "2000.05.??"]
[Round "3"]
[White "Fishbein, Alex"]
[Black "Ciaffone, Bob"]
[Result "1-0"]
[WhiteElo "2638"]
[BlackElo "2217"]
[Annotator "Bob Ciaffone"]
[PlyCount "59"]
[EventDate "2000.05.??"]

1. e4 c5 2. Nf3 d6 3. d4 cxd4 4. Nxd4 Nf6 5. Nc3 e6 {This is the Scheveningen
Sicilian, named after the Dutch seaside resort where the defense was
inaugerated into grandmaster play.} 6. Be2 Be7 7. O-O O-O 8. f4 a6 9. a4 Qc7
10. Kh1 Re8 11. Bf3 Nc6 12. Be3 Rb8 13. g4 Bf8 14. g5 Nd7 15. Bg2 Na5 16. Rf3
Nc4 17. Bc1 {So far we have been following a 1989 game Fishbein-Browne.} g6 {
This is my prepared improvement, a move Browne mentions as interesting in his
Informant notes. The move he actually played was 17...e5.} 18. b3 $1 {Browne
only analyzed 18.Ra3. I looked at that line with Jack Peters some years ago
and it appeared playable for black. Fishbein's move tackles the queenside
situation first and looks better.} Na5 19. Qd2 $1 {white will pressure the
d-pawn and tie black's pieces down for a while.} Nc6 20. Ba3 Rd8 21. Rd1 Nde5 {
Black uses the opposition of white queen and black rook to exchange a pair of
knights, a good idea when the opponent has you a bit cramped.} 22. Rh3 Nxd4 23.
Qxd4 Nc6 24. Qf2 b5 25. Bb2 Nb4 $2 (25... b4 $8 26. Rxh7 $5 (26. Ne2 e5 27. f5
d5 {with a big mess.}) 26... bxc3 27. Bxc3 e5 28. fxe5 dxe5 29. Rxd8 Nxd8 30.
Qf6 Kxh7 31. Bxe5 Qxe5 32. Qxe5 Rb7 $13 {White would have a queen and three
pawns for a rook, knight, and bishop, so the material situation is close. But
black's army is not coordinated right now.}) 26. Rxh7 $1 $18 {All of a sudden
the black monarch has no defense, a situation created by white tying the black
bishop to guarding the weak d6 pawn, leaving his own bishop master of the long
diagonal.} Kxh7 27. Qh4+ Kg8 28. Nd5 Bg7 29. Bxg7 Kxg7 30. Qh6+ 1-0

[Event "Chicago Open"]
[Site "Chicago, IL"]
[Date "2000.05.??"]
[Round "2"]
[White "Ciaffone, Bob"]
[Black "Paragua, Mark"]
[Result "1/2-1/2"]
[WhiteElo "2217"]
[BlackElo "2425"]
[Annotator "Bob Ciaffone"]
[PlyCount "86"]
[EventDate "2000.05.??"]

1. Nf3 Nf6 2. c4 g6 3. Nc3 {If black wants to play a Grunfeld, he must play 3..
.d5 here in this English Opening move-order, or white can forcibly prevent
that opening by 4.e4 (in answer to 3...Bg7).} Bg7 {Black wants a Kings Indian
Defense.} 4. d4 {"One more chance for the Grunfeld." I had a line I wanted to
try.} O-O {Black refuses the invitation and plays the KID.} 5. e4 d6 6. Be2 e5
7. O-O Nc6 8. d5 Ne7 9. b4 {This move starts the fearsome Bayonet Attack, the
most popular anti-KID weapon in international chess right now. In case you are
wondering why the top players are presently preferring the Grunfeld to the
Kings Indian, this line has a lot to do with it.} Nh5 10. Re1 $1 {The Bayonet
Attack has been around for several decades, but this excellent move is a
recent development. It was first played by Ivan Sokolov in the 1995 Dutch
Championship, and was popularized by Karpov in his 1996 match against Kamsky,
where black was positionally dominated. Both Kramnik and Anand have adopted it
every time they face a KID, and it is not clear at this time how black can get
an even game.} Nf4 11. Bf1 {The point to this 10.Re1! system. White's kingside
is now hard to breach, and the black knight is not well-placed despite having
an advance outpost for the moment.} f5 {Now it is white who will be doing the
king-hunting.} 12. Bxf4 exf4 13. e5 g5 $6 {Paragua played this same dubious
move against me at the North Bay International in Canada last year. There I
replied with the inferior 14.exd6? and lost. My opponent had a great
tournament, winding up on board one against the tourney winner GM Miesis in
the final round. Although he eventually lost to the grandmaster, this was
still a tremendous achievement for a 13-year-old boy.} 14. Nxg5 {The book move
is GM Lalic's 14.c5, but Paragua has something up his sleeve against that move.
The text is the suggestion of Michigan Master Vasik Rajlich (who now lives in
Budapest, Hungary). After my first game against Paragua, Rajlich and I
analyzed the 13...g5?! line at length. Vasik is also a KID player. Like the
rest of the world, he was hunting for something good against the Bayonet, and
wanted to see if the 13...g5 line was any good.} dxe5 {Taking on e5 with the
bishop leaves black defenseless after 15.Qh5, hitting h7.} 15. Qh5 {Rajlich is
known in Canadian circles as "The Mad Bomber," because he always seems to be
on a king-hunt, but in this position violence is fully justified.} h6 16. Ne6
Bxe6 17. dxe6 Qd6 {Paragua has placed his faith in this move, but he is going
to get a very rude surprise.} 18. Nb5 Qc6 19. Rad1 a6 20. Nxc7 $3 {This knight
sacrifice is Vasik's idea, which blows black away.} Rac8 $8 {Black unwisely
used an hour on the clock here. The sac cannot be accepted.} (20... Qxc7 $2 21.
Rd7 Qb6 22. Rxe7 Qxb4 23. Rd7 Rae8 (23... Qxe1 $4 24. Qg6 {and white mates.})
24. Qg6 Re7 25. Rxe5 Rf6 26. Rd8+ $18) 21. Nd5 Nxd5 22. cxd5 Qd6 {The net
result of 20.Nxc7 is white emerges with two connected passed pawns in the
center. Despite the opposite-colored bishops, this should have been a winning
advantage.} 23. Rc1 $1 {A fine move that gives white control of the c-file.
The d-pawn is immune because of the black weakness at f7.} Rxc1 24. Rxc1 Kh7 (
24... Qxd5 $4 25. e7) 25. Qd1 $2 {Hey, lady, the battlefield is in the other
direction. (I have made fun of others in my annotations when they incorrectly
make a retreating move, so it is only fair that I chastise myself for doing
the same stupid thing.) Black is defenseless on the white squares after 25.h3!
For example, 25...e4 26.Bh3 Qe5 27.e7, and black must lose his f-pawn, with
dire consequences for his king.} e4 {Black now has a strong initiative; the
game has turned around.} 26. b5 axb5 27. Bxb5 f3 28. g3 $6 Be5 29. Bc4 Rg8 30.
Qe1 h5 31. Qf1 h4 32. Qh3 Rg4 33. Bb3 Kg7 34. Rc8 Qb6 $2 {A time-pressure
error, allowing the advance of white's e-pawn. The move 34...e3 was winning
for black.} 35. e7 Bxg3 36. hxg3 Rxg3+ 37. Qxg3+ hxg3 38. Rg8+ {This rook
sacrifice would allow white to queen with check if accepted.} Kh6 39. Rxg3 Qb4
40. e8=Q $2 {A blunder on the last move before the time control. The thematic
40.Rg6+ would have won for white, since it clears an excape square for his
king. Instead, black gets a draw by perpetual check.} Qe1+ 41. Kh2 Qxf2+ 42.
Kh3 Qf1+ 43. Kh2 Qf2+ {The moral of this game is, "Do not play a dubious
opening line twice against the same opponent." He might be well-prepared the
next time!} 1/2-1/2

[Event "Chicago Open"]
[Site "Chicago, IL"]
[Date "2000.05.??"]
[Round "6"]
[White "Brady, Lindell"]
[Black "Karklins, Erik"]
[Result "1-0"]
[WhiteElo "1845"]
[BlackElo "2005"]
[Annotator "Bob Ciaffone"]
[PlyCount "45"]
[EventDate "2000.05.??"]

1. e4 c6 2. d4 d5 3. exd5 cxd5 4. Bd3 {This Caro-Kann line is considered solid
but unambitious. More testing for black is 4.c4, the Panov-Botvinnik Attack.}
Nc6 5. c3 e6 6. Bf4 Nge7 7. Nf3 Ng6 8. Bg3 Bd6 {Trading off one's good bishop
for the opponent's bad bishop, as black has done, is poor strategy in
positions like this when the pawn structure is fixed.} 9. Bxd6 Qxd6 10. Nbd2
O-O 11. O-O Nf4 12. Bc2 Bd7 {Both sides have now completed minor piece
development. Black has a bishop with no scope, so white has an advantage.} 13.
Re1 (13. Kh1 f6 14. g3) 13... f6 {Black wants to change the pawn structure to
activate the poorly-posted Bd7.} 14. g3 Nh3+ 15. Kg2 e5 16. Nh4 e4 17. Qh5 g5
$2 {Black is winning a piece, but this loosening of the pawn cover around the
black king is fatal.} 18. Nxe4 $3 {Brady exposes the flaw in his opponent's
strategy by sacrificing a knight for two pawns to open the way for his pieces
to the enemy commander.} dxe4 19. Bxe4 Rf7 20. Nf5 Bxf5 {Else the knight forks
on h6.} 21. Bxf5 Nf4+ {The black knight is lost, so black tries to get
something for it.} 22. gxf4 Rg7 {This loses on the spot, but 22...Re7 would
only have prolonged black's agony for a short time before the demise.} 23. Re8+
{This is winning, since after the forced line 23...Rxe8 24.Qxe8+ Qf8 25.Be6+
white forces the black king away from defending his spouse, and she is lost.
Brady illustrates with this game that a placid opening can be a prelude to a
firestorm when an opponent brazenly violates the basic chess principle of
keeping your commander in a safe dwelling.} 1-0

[Event "Lansing May Mini-Swiss.1"]
[Site "Lansing, MI"]
[Date "2000.05.07"]
[Round "1.1"]
[White "Ballicora, Miguel"]
[Black "Aldrich, Jeff"]
[Result "1-0"]
[WhiteElo "2131"]
[BlackElo "1944"]
[PlyCount "102"]
[EventDate "2000.05.07"]

1. d4 d5 2. c4 c6 3. Nf3 Nf6 4. Nc3 e6 5. e3 Be7 6. Bd3 O-O 7. O-O dxc4 8. Bxc4
b5 9. Bd3 a6 10. e4 h6 11. Qe2 Re8 12. e5 Nfd7 13. Re1 Bb7 14. Qe4 Nf8 15. Qg4
Kh8 16. Qh5 c5 17. Qxf7 Bxf3 18. Qxf3 Ra7 19. dxc5 Bxc5 20. Ne4 Be7 21. Bf4 Nc6
22. Nd6 Nxe5 23. Bxe5 Bxd6 24. Bxd6 Qxd6 25. Rad1 Qe7 26. Bc2 Qf6 27. Qxf6 gxf6
28. Bb3 Kg7 29. Rd6 e5 30. Kf1 a5 31. Rc1 Ree7 32. Ke2 a4 33. Bd5 Ng6 34. g3
Rec7 35. Rxc7+ Rxc7 36. Rc6 Rd7 37. Be6 Rb7 38. Bc8 Ra7 39. Rb6 Rc7 40. Rb7
Rxb7 41. Bxb7 Ne7 42. a3 Nf5 43. Kd3 Nd4 44. Ke4 Kf7 45. Kd5 Kg6 46. Bc8 Nf3
47. h3 h5 48. Bd7 Nd4 49. h4 Kf7 50. Kc5 Nb3+ 51. Kxb5 Ke7 $138 1-0

[Event "Lansing May Mini-Swiss.1"]
[Site "Lansing, MI"]
[Date "2000.05.07"]
[Round "2.4"]
[White "Aldrich, Jeff"]
[Black "Hamood, Al"]
[Result "1-0"]
[WhiteElo "1944"]
[BlackElo "1834"]
[PlyCount "69"]
[EventDate "2000.05.07"]

1. d4 d5 2. c4 dxc4 3. Nf3 Nf6 4. Nc3 e6 5. e3 c5 6. Bxc4 a6 7. a4 Nc6 8. d5
Na5 9. b3 Nxc4 10. bxc4 Be7 11. O-O O-O 12. e4 Nd7 13. d6 Bf6 14. Qb3 Ne5 15.
Nxe5 Bxe5 16. Rd1 Bd4 17. e5 Bxe5 18. Be3 Qf6 19. Rac1 Rd8 20. Bxc5 Bxh2+ 21.
Kxh2 Qe5+ 22. Kg1 Qxc5 23. Ne4 Qc6 24. Qd3 Qxa4 25. Ng5 g6 26. Ne4 e5 27. d7
Bxd7 28. Nf6+ Kg7 29. Nxd7 Rac8 30. Qd6 Qa5 31. Rd5 Qc7 32. Qf6+ Kg8 33. Rcd1
Qxc4 34. Qxe5 Rxd7 35. Rxd7 1-0

[Event "Lansing May Mini-Swiss.1"]
[Site "Lansing, MI"]
[Date "2000.05.07"]
[Round "3.3"]
[White "Aldrich, Jeff"]
[Black "Finegold, Ron"]
[Result "1-0"]
[WhiteElo "1944"]
[BlackElo "2085"]
[PlyCount "78"]
[EventDate "2000.05.07"]

1. d4 c6 2. c4 d5 3. Nc3 Nf6 4. Nf3 e6 5. e3 Bb4 6. Qb3 Qa5 7. a3 Bxc3+ 8. bxc3
O-O 9. Bd3 c5 10. O-O Nc6 11. Qc2 Qc7 12. Bb2 dxc4 13. Bxc4 Na5 14. Ba2 cxd4
15. exd4 Nc4 16. Rac1 b5 17. Rfe1 Bb7 18. Ne5 Bd5 19. Bb1 g6 20. Nxc4 Qxc4 21.
Re3 Bb7 22. Rce1 Rac8 23. Rg3 Nh5 24. Rg5 Ng7 25. Qd2 a6 26. Rg3 Nh5 27. Rh3 f5
28. Ba1 Bd5 29. Bb2 Rf7 30. Bc1 Qc6 31. Qg5 Nf6 32. Bf4 Nd7 33. Rhe3 Rcf8 34.
R1e2 Rf6 35. Ba2 Bxa2 36. Rxa2 Qd5 37. Rae2 Qb3 38. Bd6 R8f7 39. Be5 Qxa3 $138
1-0

[Event "U.S. Amateur North"]
[Site "Detroit, MI"]
[Date "2000.05.27"]
[Round "2"]
[White "Santus, Nick"]
[Black "Dowling, John"]
[Result "0-1"]
[WhiteElo "1926"]
[BlackElo "2092"]
[Annotator "Bob Ciaffone"]
[PlyCount "36"]
[EventDate "2000.06.??"]

1. e4 c5 2. Nf3 Nc6 3. d4 cxd4 4. Nxd4 g6 5. c4 Nf6 6. Nc3 d6 7. Be2 Nxd4 8.
Qxd4 Bg7 9. O-O O-O 10. h3 Be6 11. Qd3 Nd7 12. Qc2 Rc8 13. Nd5 b5 14. Rb1 Bxd5
15. exd5 bxc4 16. Bxc4 Nb6 17. b3 Nxd5 18. Qd2 (18. Bb2 Nb6 19. Bxg7 Kxg7 20.
Qb2+ Kg8 21. Ba6) 18... Nc3 0-1

[Event "U.S. Amateur North U1600"]
[Site "Detroit, MI"]
[Date "2000.05.27"]
[Round "1"]
[White "Gillom, Donte"]
[Black "McKinzie, Maurice"]
[Result "1-0"]
[WhiteElo "1333"]
[BlackElo "796"]
[Annotator "Bob Ciaffone"]
[PlyCount "93"]
[EventDate "2000.06.??"]

1. d4 Nf6 2. c4 g6 3. Nc3 Bg7 4. e4 d6 5. Nf3 O-O 6. Be2 Bg4 7. O-O {The move
7.Be3 is slightly better.} Re8 8. Be3 Nbd7 9. h3 Bxf3 10. Bxf3 e5 11. d5 c6 $2
{This blunders a pawn and opens up the game for white's bishop-pair.} 12. dxc6
bxc6 13. Qxd6 Re6 14. Qd2 {White has munched a free pawn.} c5 15. Rfd1 Re7 $2 {
Black blunders another pawn.} 16. Bxc5 {White takes advantage of the pin on
the Nd7 to eat another pawn.} Re8 17. Be3 {Now white is up two pawns for
nothing.} Rc8 18. b3 a6 19. Nd5 Nxd5 20. Qxd5 Nf6 21. Qxd8 Rcxd8 22. Bg5 Rxd1+
23. Rxd1 {White has traded queens and rooks, remaining two pawns ahead. Black
has no counterplay.} h6 24. Bxf6 {This trade rings about bishops of opposite
colors, but that is immaterial, because it also wins another pawn.} Bxf6 25.
Rd6 Be7 26. Rxa6 {Another munch of a pawn. Who says there is no such thing as
a free lunch?} Kg7 27. a3 Bf8 28. b4 Rc8 29. c5 g5 30. c6 Be7 31. b5 Bc5 32. a4
Rb8 33. c7 Rc8 34. Rc6 Bd4 35. Bg4 Ra8 36. Rc4 Bb6 37. c8=Q Rxc8 38. Rxc8 {Now
white is up a rook and two pawns. I wonder if it crossed black's mind to
resign?} f6 {Never say die.} 39. Bf5 Kf7 40. Rc6 Ba7 41. Rc7+ Kf8 42. Rxa7 {
There goes s last piece, leaving him down a rook, bishop, and two pawns. Isn't
it time to surrender?} Kg8 {To the death.} 43. b6 g4 44. hxg4 h5 45. Rc7 h4 46.
b7 h3 47. b8=Q# {Black never surrenders, but checkmate mercifully ends the
game. The last fifteen moves looked like Shaq fighting against an infant.} 1-0

[Event "U.S. Amateur North U1600"]
[Site "Detroit, MI"]
[Date "2000.05.27"]
[Round "3"]
[White "Gillom, Donte"]
[Black "Haygood, Norman"]
[Result "1-0"]
[WhiteElo "1333"]
[BlackElo "1450"]
[Annotator "Bob Ciaffone"]
[PlyCount "99"]
[EventDate "2000.06.??"]

1. d4 c6 2. c4 d5 3. Nc3 Nf6 4. Nf3 g6 5. Bf4 Nbd7 6. e3 dxc4 $2 {A beginner
ror; capturing a pawn when the opponent can recapturebydeveloping a piece.
Indicated was 6...Bg7.} 7. Bxc4 Nb6 8. Bb3 Bg4 9. h3 $2 {White had the pretty
queen sacrifice 9.Ne5, and if 9...Bxd1?? then Bxf7 mate. Of course, the white
queen was immune, but black would have had to play 9... Be6, and gotten his
pawns broken up after 10.Bxe6 fxe6.} Bxf3 10. Qxf3 e6 11. Be5 Bg7 12. Ne4 Nbd7
13. Bxf6 Nxf6 14. Nxf6+ Qxf6 15. Qxf6 Bxf6 {We now have a bishops of opposite
colors ending with rooks on the board; very drawish.} 16. Ke2 O-O-O 17. Rac1
Kb8 18. a3 Rd7 19. Rhd1 h5 20. Ba2 Rhd8 21. b4 Be7 22. Bb3 a5 23. bxa5 Bxa3 24.
Ra1 Bb4 25. Ra4 Be7 26. Bc2 c5 27. dxc5 Rxd1 28. Bxd1 Bxc5 29. Bb3 Rd6 30. Bc4
f6 31. a6 bxa6 32. Rxa6 Rxa6 33. Bxa6 {Now the rooks are off and there are
four pawns apiece on the same wing. A draw, no doubt.} h4 $2 {Totally the
wrong idea. Black has to bring his king to the kingside before doing anything
else. After 33.Kc7 I would bet an A player could draw Kasparov.} 34. Kf3 g5 35.
Bc4 e5 {Black moves all his pawns to the same color as his bishop. Normally
this would be a dead draw, but the black king is still slumbering on b8, so
white can move his king into a menacing position. I think black is lost here.}
36. Ke4 Kc7 37. Kf5 Be7 38. Ke6 Bd8 39. g3 hxg3 {Black is forced to allow
white a passed h-pawn.} 40. fxg3 Kc6 41. Bd5+ Kc5 42. e4 Kd4 43. Kf5 Ke3 44. h4
Kf3 45. h5 Kxg3 46. h6 g4 47. h7 Kf2 48. Bc4 g3 49. h8=Q g2 50. Qh2 {An
amazing endgame. I have never seen a bishops of opposite colors ending with
even pawns on the same side that was not a draw - until now. This game is a
fine lesson on the value of king position in an ending.} 1-0